Annotationes in L. II De captiuis, et postliminio reuersis: in quibus tractatur de re nauali. Eivsdem Annotationes in tractatum De auro et argento leg. quibus Vestimentorum et Vasculorum genera explicantur. Omnia ab ipso authore recognita et aucta. Antonii Thylesii De Coloribus libellus, a coloribus vestium non alienus

Bibliographic Details
Main Author: Baïf, Lazare de, 1485-1545 (Author, Dedicator)
Corporate Author: Estienne, Robert I. (Paríž, Francúzsko) (Printer)
Other Authors: Estienne, Robert I., 1503-1559 (Printer)
Format: Book
Language:Latin
PhysicalDescription:152, [6], 176, [11] strán 8° 22 cm
Published: Lvtetiae Ex officina Roberti Stephani, typographi Regii M.D.XLIX. [=1549]
ISBN:(viaz.)
Subjects:

MARC

LEADER 00000nam a2200000 a 4500
001 vtls008865401
003 SK-MaSNL
005 20260301080352.0
008 251112s1549 fr 0 lat
015 |a SNBHFA1549 
020 |a (viaz.) 
040 |a SNK  |b slo  |c SNK  |e AACR2 
041 0 |a lat 
044 |a fr  |c FR 
072 7 |a 7.01/.09  |x Umenie  |2 konspekt 
080 |a 7.01/.09  |2 2011 
080 |a 001  |2 2011 
080 |a 730  |2 2011 
100 1 |a Baïf, Lazare de,  |d 1485-1545  |4 aut  |4 dto  |9 91385 
245 1 0 |a Annotationes in L. II De captiuis, et postliminio reuersis: in quibus tractatur de re nauali. Eivsdem Annotationes in tractatum De auro et argento leg. quibus Vestimentorum et Vasculorum genera explicantur. Omnia ab ipso authore recognita et aucta. Antonii Thylesii De Coloribus libellus, a coloribus vestium non alienus  |c Lazari Bayfii 
260 |a Lvtetiae  |b Ex officina Roberti Stephani, typographi Regii  |c M.D.XLIX. [=1549] 
300 |a 152, [6], 176, [11] strán  |c 8°  |c 22 cm 
500 |a Signet, iniciálky s ornamentálnym pozadím na 5 riadkov, iniciálky s ornamentálnym pozadím v rámčeku na 9 riadkov, reprezentanty iniciálok na 3 riadky, drevorezy, kustódy 
508 |a Dedikácia: Baïf, Lazare de; Valesius, Franciscus 
510 0 |a Adams B/37 
546 |a Latinčina  |b Kurzíva 
561 |a Z knižnice františkánov Skalica.  |5 SNKIC 74367 D1 
562 |a Rukopisná poznámka na titulnom liste: Zach. Mossocj Eppus Vacien. 1578.  |5 SNK IC 74367 D1 
562 |a Defekt: Poškodený titulný list.  |5 SNK IC 74367 D1 
563 |a Väzba: pergamenová, poškodená.  |5 SNK IC 74367 D1 
650 0 7 |a umenie  |2 SNKPH  |9 1060 
650 0 7 |a veda  |2 SNKPH  |9 1599 
650 0 7 |a sochárstvo  |2 SNKPH  |9 1038 
700 1 |a Thylesius, Antonius  |4 oth  |9 401922 
700 1 |a Mošovský, Zachariáš  |4 fmo  |9 312269 
700 1 |a Valesius, Franciscus  |4 hnr  |9 401923 
700 1 |a Estienne, Robert  |b I.,  |d 1503-1559  |4 prt  |9 127528 
710 1 |a Františkáni (Skalica, Slovensko)  |4 fmo  |9 305294 
710 1 |a Estienne, Robert I. (Paríž, Francúzsko),  |d 1526-1551  |4 prt  |9 179901 
752 |a Francúzsko  |d Paríž 
852 |a snk  |b Historické fondy  |p IC 74367 D1 
999 |c 653049  |d 654979 
952 |t Fr 10839  |a SNK  |b SNK  |c SNK_HF  |y PREZ  |7 0  |p 17A1302141  |o snkIC 74367 D1  |i snk2018/26233  |8 5  |0 0  |1 0  |4 0  |d 2018-12-06  |l 0  |r 2026-02-23 18:27:40  |w 2026-02-23